000 00418 a2200157 4500
001 67215
020 _a8573032715
040 _cAnchieta - Pituba
100 _aMilitão, Albigenor
240 1 0 _aJogos, dinâmicas e vivências grupais
_lpor
245 1 0 _aJogos, dinâmicas e vivências grupais
300 _a248
362 0 _a2000
650 4 _a.Criatividade como promoção de desenvolvimento pessoal
942 _cBK
999 _c67215
_d67215